| 000 | 00397cam a22001337a 4500 | ||
|---|---|---|---|
| 008 | 180718b1928 xxu||||| |||| 00| 0 eng d | ||
| 082 | _aC0x54073 Iy9 | ||
| 100 | _aIyer, C.S. Ranga | ||
| 245 |
_aIndian in the crucible _cby C.S. Ranga Iyer |
||
| 260 |
_aLondon _bSelwyn and Blount _c1928 |
||
| 300 | _a336p. | ||
| 650 | _aIndia --Politics and government --1977- | ||
| 650 | _aIndian National Congress | ||
| 999 |
_c440809 _d440809 |
||